<?xml version="1.0" encoding="UTF-8"?>
<collection xmlns="http://www.loc.gov/MARC21/slim">
 <record>
  <leader>00673pamaa2200181   4500</leader>
  <controlfield tag="001">0000041791</controlfield>
  <controlfield tag="005">20090826090000.0</controlfield>
  <controlfield tag="008">070411                             eng  </controlfield>
  <datafield tag="020" ind1="0" ind2="0">
   <subfield code="a">0471714283 (pbk.) </subfield>
  </datafield>
  <datafield tag="090" ind1="0" ind2="0">
   <subfield code="a">QP34.5 </subfield>
   <subfield code="b">TOR 2006</subfield>
  </datafield>
  <datafield tag="100" ind1="1" ind2="0">
   <subfield code="a">Tortora </subfield>
  </datafield>
  <datafield tag="245" ind1="1" ind2="0">
   <subfield code="a">A brief atlas of the skeleton, surface anatomy, and selected medical images  </subfield>
   <subfield code="c">Gerard J. Tortora; </subfield>
   <subfield code="f">cadaver photographs by Mark Nielsen.</subfield>
  </datafield>
  <datafield tag="260" ind1="0" ind2="0">
   <subfield code="a">Hoboken, N.J.: </subfield>
   <subfield code="b">Wiley, </subfield>
   <subfield code="c">2006.</subfield>
  </datafield>
  <datafield tag="300" ind1=" " ind2=" ">
   <subfield code="a">vii, 71 p.: </subfield>
   <subfield code="b">col. ill.; </subfield>
   <subfield code="c">28 cm.</subfield>
  </datafield>
  <datafield tag="650" ind1="0" ind2="0">
   <subfield code="a">Human skeleton -- </subfield>
   <subfield code="x">Atlases </subfield>
  </datafield>
  <datafield tag="650" ind1="0" ind2="0">
   <subfield code="a">Anatomy, Surgical and topographical -- </subfield>
   <subfield code="x">Atlases </subfield>
  </datafield>
  <datafield tag="650" ind1="0" ind2="0">
   <subfield code="a">Diagnostic imaging -- </subfield>
   <subfield code="x">Atlases </subfield>
  </datafield>
  <datafield tag="901" ind1=" " ind2=" ">
   <subfield code="u">http://www.wiley.com</subfield>
  </datafield>
 </record>
</collection>
